| 000 | 01335cam a2200397 a 4500 | ||
|---|---|---|---|
| 001 | 1686292 | ||
| 003 | OSt | ||
| 005 | 20140310181623.0 | ||
| 008 | 990430r19991851nyu 000 1 eng | ||
| 010 | _a 99032234 | ||
| 020 | _a0812504593 | ||
| 040 |
_aDLC _cDLC _dDLC |
||
| 043 | _an-us-ma | ||
| 050 | 0 | 0 |
_aPS 1861 _b.H399 1989 |
| 082 | 0 | 0 |
_aCLA H31h _b1989 |
| 100 | 1 |
_aHawthorne, Nathaniel, _d1804-1864. _93396 |
|
| 245 | 1 | 4 |
_aThe house of the seven gables / _cNathaniel Hawthorne. |
| 260 |
_a N.Y. : _bDover Publications, _cc1989. |
||
| 300 |
_ax, 230 p. ; _c21 cm. |
||
| 440 | 0 |
_aDover thrift editions _92837 |
|
| 541 | _j1 | ||
| 541 | _j2 | ||
| 541 | _j3 | ||
| 541 | _j4 | ||
| 562 | _e5 | ||
| 650 | 0 |
_aHaunted houses _xFiction. _93397 |
|
| 651 | 0 |
_aSalem (Mass.) _xFiction. _93398 |
|
| 655 | 7 |
_aHistorical fiction. _2gsafd _92926 |
|
| 655 | 7 |
_aDomestic fiction. _2lcsh _92796 |
|
| 655 | 7 |
_aOccult fiction. _2gsafd _93399 |
|
| 856 | 4 | 2 |
_3Publisher description _uhttp://www.loc.gov/catdir/description/dover031/99032234.html |
| 906 |
_a7 _bcbc _corignew _d1 _eocip _f19 _gy-gencatlg |
||
| 942 |
_2lcc _cBBK _kCLA |
||
| 999 |
_c217 _d217 |
||